<?xml version="1.0" encoding="UTF-8"?><?xml-stylesheet type="text/xsl" href="static/style.xsl"?><OAI-PMH xmlns="http://www.openarchives.org/OAI/2.0/" xmlns:xsi="http://www.w3.org/2001/XMLSchema-instance" xsi:schemaLocation="http://www.openarchives.org/OAI/2.0/ http://www.openarchives.org/OAI/2.0/OAI-PMH.xsd"><responseDate>2026-05-11T23:25:20Z</responseDate><request verb="GetRecord" identifier="oai:riubu.ubu.es:10259/11161" metadataPrefix="marc">https://riubu.ubu.es/oai/request</request><GetRecord><record><header><identifier>oai:riubu.ubu.es:10259/11161</identifier><datestamp>2025-12-19T01:05:44Z</datestamp><setSpec>com_10259_4839</setSpec><setSpec>com_10259_5086</setSpec><setSpec>com_10259_2604</setSpec><setSpec>col_10259_6836</setSpec></header><metadata><record xmlns="http://www.loc.gov/MARC21/slim" xmlns:doc="http://www.lyncode.com/xoai" xmlns:xsi="http://www.w3.org/2001/XMLSchema-instance" xmlns:dcterms="http://purl.org/dc/terms/" xsi:schemaLocation="http://www.loc.gov/MARC21/slim http://www.loc.gov/standards/marcxml/schema/MARC21slim.xsd">
<leader>00925njm 22002777a 4500</leader>
<datafield tag="042" ind1=" " ind2=" ">
<subfield code="a">dc</subfield>
</datafield>
<datafield tag="720" ind1=" " ind2=" ">
<subfield code="a">Alonso Centeno, Almudena</subfield>
<subfield code="e">author</subfield>
</datafield>
<datafield tag="720" ind1=" " ind2=" ">
<subfield code="a">Ortiz Revilla, Jairo</subfield>
<subfield code="e">author</subfield>
</datafield>
<datafield tag="720" ind1=" " ind2=" ">
<subfield code="a">Greca Dufranc, Ileana María</subfield>
<subfield code="e">author</subfield>
</datafield>
<datafield tag="720" ind1=" " ind2=" ">
<subfield code="a">Sanz de La Cal, Esther</subfield>
<subfield code="e">author</subfield>
</datafield>
<datafield tag="260" ind1=" " ind2=" ">
<subfield code="c">2022-10</subfield>
</datafield>
<datafield tag="520" ind1=" " ind2=" ">
<subfield code="a">There is a real need to promote integrated thinking within education in a globalised world whose problems are increasingly complex and interdependent every day. Integrated STEAM education has become one of the most relevant approaches within educational activities that integrate various disciplines. However, teachers often encounter difficulties with its implementation, due to its complexity. The aim of this study is to investigate perceptions of interdisciplinary integration among trainee teachers after the implementation of an iSTEAM+CLIL co-teaching proposal through a two-phase quasi-experimental pre-post study. The results pointed to an improvement in the levels of disciplinary integration that students perceived before and after the intervention. There was also some improvement in the level presented after the second intervention when teachers worked in ways that were more integrated than after the first intervention. Further action is therefore needed in this respect to encourage teacher training and to facilitate the implementation of this interdisciplinary approach in integrated teaching.</subfield>
</datafield>
<datafield tag="024" ind2=" " ind1="8">
<subfield code="a">2662-9461</subfield>
</datafield>
<datafield tag="024" ind2=" " ind1="8">
<subfield code="a">https://hdl.handle.net/10259/11161</subfield>
</datafield>
<datafield tag="024" ind2=" " ind1="8">
<subfield code="a">10.1007/978-3-031-08697-7_10</subfield>
</datafield>
<datafield tag="024" ind2=" " ind1="8">
<subfield code="a">2662-947X</subfield>
</datafield>
<datafield ind1=" " ind2=" " tag="653">
<subfield code="a">iSTEAM</subfield>
</datafield>
<datafield ind1=" " ind2=" " tag="653">
<subfield code="a">CLIL</subfield>
</datafield>
<datafield ind1=" " ind2=" " tag="653">
<subfield code="a">Integration</subfield>
</datafield>
<datafield ind1=" " ind2=" " tag="653">
<subfield code="a">Co-teaching</subfield>
</datafield>
<datafield ind1=" " ind2=" " tag="653">
<subfield code="a">Teacher training</subfield>
</datafield>
<datafield ind1=" " ind2=" " tag="653">
<subfield code="a">Teacher education</subfield>
</datafield>
<datafield tag="245" ind1="0" ind2="0">
<subfield code="a">Perceptions of STEAM+CLIL Integration: Results of a Co-teaching Proposal During Initial Teacher Training</subfield>
</datafield>
</record></metadata></record></GetRecord></OAI-PMH>